|
|
|
|
| LEADER |
00000nbm0a2200000 4500 |
| 001 |
143724 |
| 005 |
20231031143319.0 |
| 035 |
|
|
|a (RuTPU)RU\TPU\book\155754
|
| 090 |
|
|
|a 143724
|
| 100 |
|
|
|a 20080923d1966 k y0rusy50 ca
|
| 101 |
0 |
|
|a rus
|
| 102 |
|
|
|a RU
|
| 105 |
|
|
|a a m 001zy
|
| 200 |
1 |
|
|a Исследование параметров бурения и резания искусственных минеральных сред термобурами
|e Диссертация на соискание ученой степени кандидата технических наук
|f В. М. Попов
|g Сибирский металлургический институт (СМИ) ; науч. рук. Н. В. Филатов
|
| 210 |
|
|
|a Новокузнецк
|c [Б. и.]
|d 1966
|
| 215 |
|
|
|a 147 л.
|c ил.
|
| 320 |
|
|
|a Библиогр.: с. 136 -147 ( 121 назв.)
|
| 610 |
1 |
|
|a термобуры
|
| 610 |
1 |
|
|a минеральные среды
|
| 610 |
1 |
|
|a резание
|
| 610 |
1 |
|
|a искусственные среды
|
| 610 |
1 |
|
|a режимы работы
|
| 610 |
1 |
|
|a температурные поля
|
| 610 |
1 |
|
|a огнеструйное бурение
|
| 610 |
1 |
|
|a прочность
|
| 610 |
1 |
|
|a эффективность
|
| 610 |
1 |
|
|a промышленные испытания
|
| 610 |
1 |
|
|a углеобогатительные фабрики
|
| 610 |
1 |
|
|a экспериментальное исследование
|
| 610 |
1 |
|
|a диссертации
|
| 675 |
|
|
|a 624.93.0025.2(04)
|v 3
|
| 700 |
|
1 |
|a Попов
|b В. М.
|
| 702 |
|
1 |
|a Филатов
|b Н. В.
|4 727
|
| 712 |
0 |
2 |
|a Сибирский металлургический институт (СМИ)
|c (1930-1994)
|c (Новокузнецк)
|2 stltpush
|3 (RuTPU)RU\TPU\col\2081
|
| 801 |
|
1 |
|a RU
|b 63413507
|c 20080923
|g PSBO
|
| 801 |
|
2 |
|a RU
|b 63413507
|c 20091203
|g RCR
|
| 942 |
|
|
|c BK
|